Fiber-Optic Communication Systems.
Сохранить в:
| Главный автор: | |
|---|---|
| Формат: | Неизвестно |
| Опубликовано: |
Hoboken, USA:
Wiley,
2021.
|
| Редактирование: | Fifth Edition. |
| Предметы: | |
| Метки: |
Добавить метку
Нет меток, Требуется 1-ая метка записи!
|
MARC
| LEADER | 00000 a2200000 4500 | ||
|---|---|---|---|
| 003 | CL-VaPUC | ||
| 005 | 20240402164405.0 | ||
| 008 | 240321t2021 ||||| |||| 00| 0 eng d | ||
| 999 | |c 443225 |d 443223 | ||
| 020 | |a 978-1119737360 | ||
| 040 | |c Pontificia Universidad Católica de Valparaíso | ||
| 082 | 7 | |a 621.38275 AGR 2021 |2 23 | |
| 100 | |a Agrawal, Govind P |9 474834 |e author | ||
| 245 | |a Fiber-Optic Communication Systems. | ||
| 250 | |a Fifth Edition. | ||
| 260 | |a Hoboken, USA: |b Wiley, |c 2021. | ||
| 300 | |a xvi, 528 páginas. | ||
| 583 | |k GC |c 20240321 | ||
| 650 | |a Fibra óptica |x Sistemas de comunicación |9 887898 | ||
| 942 | |2 ddc |c BK | ||
| 952 | |0 0 |1 0 |2 ddc |4 0 |6 621_382750000000000_AGR_2021 |7 0 |8 A |9 593785 |a BIBING |b BIBING |d 2024-03-21 |e 1 |g 139413.60 |i 5660457 |o 621.38275 AGR 2021 |p 5660457 |r 2025-01-20 |t 1 |v 139413.60 |w 2024-03-21 |y BK |k EIE | ||